|
|
|
|
| LEADER |
02409cam a2200661 i 4500 |
| 001 |
nkc20243637079 |
| 003 |
CZ PrNK |
| 005 |
20250123163554.0 |
| 007 |
ta |
| 008 |
241118s2024 xr ab e f 001 0 cze d |
| 015 |
|
|
|a cnb003637079
|
| 020 |
|
|
|a 978-80-7700-021-5
|q (vázáno)
|
| 035 |
|
|
|a (OCoLC)1498301673
|
| 040 |
|
|
|a KLG001
|b cze
|d BOA001
|e rda
|
| 041 |
1 |
|
|a cze
|h eng
|
| 043 |
|
|
|a x------
|
| 072 |
|
7 |
|a 94(3)
|x Dějiny zemí starověkého světa
|2 Konspekt
|9 8
|
| 080 |
|
|
|a 902:904
|2 MRF
|
| 080 |
|
|
|a 911.375-027.17
|2 MRF
|
| 080 |
|
|
|a 911.375(091)
|2 MRF
|
| 080 |
|
|
|a 316.722(3)
|2 MRF
|
| 080 |
|
|
|a 930.85
|2 MRF
|
| 080 |
|
|
|a (100)
|2 MRF
|
| 080 |
|
|
|a (0.062)
|2 MRF
|
| 080 |
|
|
|a (084.12)
|2 MRF
|
| 100 |
1 |
|
|a Matyszak, Philip,
|d 1958-
|7 xx0092435
|4 aut
|
| 240 |
1 |
0 |
|a Lost cities of the ancient world.
|l Česky
|
| 245 |
1 |
0 |
|a Ztracená města starověkého světa /
|c Philip Matyszak ; přeložil: Petr Florian
|
| 250 |
|
|
|a 1. vydání
|
| 264 |
|
1 |
|a Brno :
|b Lingea,
|c 2024
|
| 300 |
|
|
|a 287 stran :
|b barevné ilustrace, mapy ;
|c 25 cm
|
| 336 |
|
|
|a text
|b txt
|2 rdacontent
|
| 337 |
|
|
|a bez média
|b n
|2 rdamedia
|
| 338 |
|
|
|a svazek
|b nc
|2 rdacarrier
|
| 500 |
|
|
|a Přeloženo z angličtiny
|
| 504 |
|
|
|a Obsahuje bibliografii a rejstřík
|
| 650 |
0 |
7 |
|a archeologické památky
|7 ph118576
|z země světa
|2 czenas
|
| 650 |
0 |
7 |
|a zaniklá města
|7 ph1088770
|2 czenas
|
| 650 |
0 |
7 |
|a dějiny měst
|7 ph927609
|2 czenas
|
| 650 |
0 |
7 |
|a starověké civilizace
|7 ph126030
|2 czenas
|
| 650 |
0 |
7 |
|a dějiny civilizace
|7 ph137927
|2 czenas
|
| 650 |
0 |
9 |
|a archaeological monuments
|z countries of the world
|2 eczenas
|
| 650 |
0 |
9 |
|a lost cities and towns
|2 eczenas
|
| 650 |
0 |
9 |
|a history of cities and towns
|2 eczenas
|
| 650 |
0 |
9 |
|a ancient civilization
|2 eczenas
|
| 650 |
0 |
9 |
|a history of civilization
|2 eczenas
|
| 655 |
|
7 |
|a populárně-naučné publikace
|7 fd131864
|2 czenas
|
| 655 |
|
7 |
|a fotografické publikace
|7 fd132276
|2 czenas
|
| 655 |
|
9 |
|a popular works
|2 eczenas
|
| 655 |
|
9 |
|a photographical works
|2 eczenas
|
| 700 |
1 |
|
|a Florian, Petr
|7 xx0257134
|4 trl
|
| 910 |
2 |
|
|a BOA001
|b 2-1535.690
|
| 920 |
|
|
|a 1640705
|z KLG001
|
| 990 |
|
|
|a BK
|
| 995 |
|
|
|a 01
|
| 991 |
|
|
|b 202501
|c NOV
|
| 996 |
6 |
|
|b 2610986626
|c 2-1535.690
|l MZK
|r Sklad / do 1 hodiny
|n 0
|p p.v.
|w 001988086
|u 000010
|a 1
|e BOA001
|j MZK50
|s P
|
| 996 |
7 |
|
|b 2610986627
|c 2-1535.690
|l Vol.výběr
|r VV 1p
|n 4
|p p.v.
|h 94(3) MAT
|w 001988086
|u 000020
|a 0
|e BOA001
|j MZK50
|s A
|